| 000 | 00364nam a2200121 4500 | ||
|---|---|---|---|
| 008 | 180223b xxu||||| |||| 00| 0 eng d | ||
| 100 |
_926729 _aJusay, Annalyn S. |
||
| 245 |
_aCarpooling and the sharing economy/ _cAnnalyn S. Jusay |
||
| 260 |
_aPhilippines _bManila Bulletin _cc2016 |
||
| 300 | _apage C-2. | ||
| 650 | 0 |
_926730 _aEconomic conditions. |
|
| 942 |
_2ddc _cPER |
||
| 999 |
_c8792 _d8792 |
||